[Event "Helsingor Xtracon op"]
[Site "Helsingor"]
[Date "2018.07.27"]
[Round "8"]
[White "Pantzar, Milton"]
[Black "Bebchuk, Leonid"]
[Result "1-0"]
[WhiteElo "2333"]
[BlackElo "2072"]
[PlyCount "87"]
[EventDate "2018.07.21"]
[EventType "swiss"]
[EventRounds "10"]
[EventCountry "DEN"]
[SourceTitle "CBM 185 Extra"]
[Source "ChessBase"]
[SourceDate "2018.07.29"]
[SourceVersion "1"]
[SourceVersionDate "2018.07.29"]
[SourceQuality "1"]

1. e4 c5 2. Nf3 Nc6 3. d4 cxd4 4. Nxd4 e5 5. Nb5 a6 6. Nd6+ Bxd6 7. Qxd6 Qe7 8. Qd1 Nf6 9. Nc3 d6 10. Bg5 Be6 11. Nd5 Bxd5 12. exd5 Nb8 13. c4 Nbd7 14. Be2 h6 15. Be3 0-0 16. 0-0 a5 17. f3 Rfc8 18. b3 Qd8 19. Qd2 Nc5 20. Rab1 b6 21. a3 Ra7 22. b4 axb4 23. axb4 Ncd7 24. Rfc1 Rca8 25. Rb2 Ra1 26. Rbc2 Rxc1+ 27. Rxc1 Qb8 28. Bf1 Qa7 29. Qf2 Qa3 30. Rb1 b5 31. Qd2 bxc4 32. Bxc4 Rc8 33. Bb5 Rc3 34. Bf2 Rb3 35. Rxb3 Qxb3 36. Bc6 Kf8 37. h3 Ke7 38. b5 Nc5 39. Bxc5 dxc5 40. d6+ Ke6 41. d7 Nxd7 42. Qxd7+ Kf6 43. Qd6+ Kf5 44. Qxc5 1-0

[Event "Lisbon Portugal rapid op"]
[Site "Lisbon"]
[Date "2017.02.11"]
[Round "5"]
[White "Morais, Vitor Mestre"]
[Black "Bebchuk, Leonid"]
[Result "1/2-1/2"]
[WhiteElo "1874"]
[BlackElo "2028"]
[PlyCount "102"]
[EventDate "2017.02.11"]
[EventType "swiss (rapid)"]
[EventRounds "8"]
[EventCountry "POR"]
[SourceTitle "CBM 176 Extra"]
[Source "ChessBase"]
[SourceDate "2017.03.02"]
[SourceVersion "1"]
[SourceVersionDate "2017.03.02"]
[SourceQuality "1"]

1. b3 e5 2. Bb2 Nc6 3. e3 Nf6 4. Bb5 d6 5. Nf3 Be7 6. 0-0 0-0 7. d4 e4 8. Nfd2 a6 9. Be2 Bf5 10. c4 Re8 11. Nc3 Bf8 12. a3 Nb8 13. d5 Nbd7 14. Re1 Bg6 15. Nf1 a5 16. Ng3 Nc5 17. b4 axb4 18. axb4 Rxa1 19. Bxa1 Na6 20. Qb1 h5 21. h3 h4 22. Nf1 Nb8 23. Nb5 c6 24. dxc6 bxc6 25. Nd4 c5 26. Nc2 cxb4 27. Nxb4 Nbd7 28. Nc6 Qc7 29. Nd4 Nc5 30. Qb5 Rb8 31. Qc6 Qxc6 32. Nxc6 Rb6 33. Nd4 d5 34. cxd5 Nxd5 35. Bc4 Nd3 36. Rd1 N5b4 37. Nh2 Bd6 38. Ng4 Kf8 39. Nb5 Bb8 40. Bd4 Rc6 41. Bb3 f5 42. Nh2 Bf7 43. Bxf7 Kxf7 44. Nf1 Rc2 45. Nd2 g5 46. f3 Nb2 47. Bxb2 Rxb2 48. fxe4 Nc2 49. Rb1 Rxb1+ 50. Nxb1 Nxe3 51. exf5 Nxf5 1/2-1/2

[Event "Calvia Amateur op 11th"]
[Site "Calvia"]
[Date "2014.10.07"]
[Round "4"]
[White "Longa Yauca, Javier"]
[Black "Bebchuk, Leonid"]
[Result "1-0"]
[WhiteElo "2277"]
[BlackElo "2063"]
[PlyCount "54"]
[EventDate "2014.10.04"]
[EventType "swiss"]
[EventRounds "9"]
[EventCountry "ESP"]
[SourceTitle "EXT 2015"]
[Source "ChessBase"]
[SourceDate "2014.11.20"]
[SourceVersion "1"]
[SourceVersionDate "2014.11.20"]
[SourceQuality "1"]

1. d4 Nf6 2. c4 e6 3. Nf3 d5 4. Bg5 Be7 5. Nc3 h6 6. Bh4 0-0 7. Qc2 b6 8. Bxf6 Bxf6 9. e4 Bb7 10. 0-0-0 dxe4 11. Nxe4 Nd7 12. Kb1 Be7 13. Bd3 Qe8 14. Rhe1 Rd8 15. Ng3 Bxf3 16. gxf3 Bf6 17. f4 c5 18. d5 Rb8 19. dxe6 fxe6 20. Bg6 Qc8 21. Qe4 Rd8 22. Qxe6+ Kh8 23. Bf5 Rb7 24. Ne4 Re8 25. Qd5 Rxe4 26. Rxe4 Bd4 27. Qxb7 Qd8 1-0

[Event "Geneve op 27th"]
[Site "Geneve"]
[Date "2010.12.27"]
[Round "2"]
[White "Sokolov, Andrei"]
[Black "Bebchuk, Leonid"]
[Result "1-0"]
[WhiteElo "2593"]
[BlackElo "2162"]
[PlyCount "83"]
[EventDate "2010.12.26"]
[EventType "swiss"]
[EventRounds "7"]
[EventCountry "SUI"]
[SourceTitle "CBM 140 Extra"]
[Source "ChessBase"]
[SourceDate "2011.03.01"]
[SourceVersion "1"]
[SourceVersionDate "2011.03.01"]
[SourceQuality "1"]

1. e4 e5 2. Nf3 Nf6 3. Nxe5 d6 4. Nf3 Nxe4 5. d4 d5 6. Bd3 Nc6 7. 0-0 Be7 8. Nc3 Nf6 9. h3 Nb4 10. Bb5+ Bd7 11. Bxd7+ Qxd7 12. Ne5 Qc8 13. a3 Na6 14. Bg5 c6 15. Re1 Kf8 16. Ne2 Nc7 17. Ng4 Nxg4 18. Bxe7+ Kxe7 19. Nf4+ Kf8 20. hxg4 Qd7 21. Qf3 Nb5 22. c3 Re8 23. Nd3 Nd6 24. Nc5 Qc8 25. Qf4 Nc4 26. Nd3 h6 27. b3 Nb6 28. Rxe8+ Qxe8 29. Re1 Qd8 30. Nc5 Qc8 31. a4 a5 32. Re3 f6 33. Qd6+ Kg8 34. f3 Kh7 35. Re7 Re8 36. Qxf6 Rxe7 37. Qxe7 Qb8 38. Ne6 Qg8 39. g5 hxg5 40. Nxg5+ Kg6 41. Ne6 Nc8 42. Nf4+ 1-0